00884nam a2200265Ia 450000500170000000800410001702000180005808200160007624501000009225000230019230000410021550000210025665000310027765000410030865000240034965000280037370000380040194200120043926400290045133600270048033700330050733800280054004000350056899900150060320220317000126.0141031s9999 xx 000 0 und d a9789587044966 a808.02bS1110aSaber escribir c Angel Cervera Rodríguez ... [et.al.] ; coordinador Jesús Sánchez Lobato a1a ed., 4a reimpr. a513 páginasbilustracionesc23 cm. aIncluye glosario14a Ediciones de libros2LEMB14a Preparación de manuscritos 2LEMB14a Redacción 2LEMB14aArte de escribir 2LEMB10aSánchez Lobato, Jesús 916647 2ddccBK aBogotá bAguilarc2007 atextobtxt2rdacontent asin mediaciónbn2rdamedia avolumenbnc2rdacarrier aCO-BoRNBPbspaerdacCO-BoRNBP c3167d3167